[Event "22e tournoi de Noël"]
[Site "Montigny le Bretonneux"]
[Date "2023.12.28"]
[Round "4.11"]
[White "Perrier-Perrery, Philippe"]
[Black "Durez, Gerard"]
[Result "1-0"]
[WhiteElo "1419"]
[BlackElo "1378"]
[Annotator "Rivier,Sylvain"]
[PlyCount "102"]
[EventDate "2023.??.??"]
[WhiteTeam "Ste Foy Echecs"]
[BlackTeam "La Dame Noire"]

{Ouverture catalane, variante fermée} 1. d4 Nf6 2. c4 e6 3. g3 c6 4. Bg2 d5 5.
Nf3 Nbd7 6. O-O Be7 7. Bf4 dxc4 8. Nbd2 Nb6 9. Ne5 Nfd5 10. Ndxc4 Nxf4 11. Nxc6
Qc7 12. Nxb6 axb6 13. Nxe7 Nxg2 14. Nxc8 Rxc8 15. Rc1 Qd7 16. Rxc8+ Qxc8 17.
Qc1 Qd7 18. Kxg2 O-O 19. Qd2 Qd5+ 20. Kg1 Qxa2 21. Qb4 Qa5 22. Qc3 Qa6 23. e3
b5 24. b4 Qc6 25. Qc5 h6 26. Rc1 Rc8 27. e4 Qxc5 28. Rxc5 Rxc5 29. dxc5 Kf8 30.
f4 Ke7 31. Kf2 Kd7 32. Ke3 Kc6 33. Kd4 b6 34. cxb6 Kxb6 35. Ke5 Kc6 36. f5 Kd7
37. fxe6+ fxe6 38. h4 Ke7 39. h5 Kd7 40. g4 Ke7 41. Kf4 Kd6 42. g5 Ke7 43. gxh6
gxh6 44. Ke5 Kf7 45. Kd6 Kf6 46. Kc6 Ke5 47. Kxb5 Kxe4 48. Kc6 Kd4 49. b5 e5
50. b6 e4 51. b7 e3 1-0

[Event "22e tournoi de Noël"]
[Site "Montigny le Bretonneux"]
[Date "2023.12.28"]
[Round "4.12"]
[White "Couradin, Bruno"]
[Black "Couradin, Jean-Marie"]
[Result "1/2-1/2"]
[WhiteElo "1338"]
[BlackElo "1410"]
[Annotator "Rivier,Sylvain"]
[PlyCount "56"]
[EventDate "2023.??.??"]
[WhiteTeam "La Dame Noire"]
[BlackTeam "La Dame Noire"]

{Partie du pion dame} 1. d4 d5 2. Nc3 Nf6 3. Nf3 Bf5 4. Bf4 c6 5. e3 Qb6 6. Rb1
Nbd7 7. Bd3 Bg6 8. O-O e6 9. a3 a6 10. Ne5 Be7 11. Na4 Qa7 12. Nxg6 hxg6 13. c4
dxc4 14. Be2 b5 15. Nc3 Nd5 16. Bg3 N7f6 17. Bf3 Nh5 18. e4 Nxg3 19. fxg3 Ne3
20. Qe2 Nxf1 21. Rxf1 Qxd4+ 22. Kh1 Bc5 23. Rd1 Qf2 24. e5 Qxg3 25. h3 O-O 26.
Bxc6 Rad8 27. Re1 Rd3 28. Be4 Re3 1/2-1/2

[Event "22e tournoi de Noël"]
[Site "Montigny le Bretonneux"]
[Date "2023.12.28"]
[Round "4.13"]
[White "Richecoeur, Clemence"]
[Black "Ralitera, Loic"]
[Result "0-1"]
[WhiteElo "1463"]
[BlackElo "1136"]
[Annotator "Rivier,Sylvain"]
[PlyCount "64"]
[EventDate "2023.??.??"]
[WhiteTeam "CE Le Roi Soleil - Le Chesnay - Versailles"]
[BlackTeam "Villepreux "]

{Ouverture du pion dame, défense est-indienne} 1. d4 Nf6 2. Nf3 g6 3. Bf4 Bg7
4. c3 O-O 5. Nbd2 Nc6 6. e4 d6 7. h3 Re8 8. Bb5 Bd7 9. O-O a6 10. Bxc6 Bxc6 11.
Qc2 Nh5 12. Be3 e5 13. Rfe1 Nf6 14. dxe5 dxe5 15. Rad1 Qe7 16. b4 b6 17. Nh2
Rad8 18. f3 Ra8 19. Nc4 Red8 20. Rxd8+ Rxd8 21. Rd1 Rxd1+ 22. Qxd1 h5 23. Bg5
a5 24. a3 Qd7 25. Qxd7 Bxd7 26. Nxe5 Nxe4 27. Bf4 Nxc3 28. Kf2 Bb5 29. Nxf7
Kxf7 30. Bxc7 axb4 31. axb4 Bd4+ 32. Ke1 Nd5 0-1

[Event "22e tournoi de Noël"]
[Site "Montigny le Bretonneux"]
[Date "2023.12.28"]
[Round "4.14"]
[White "Phelippot, Gabriel"]
[Black "Longbien, Dominique"]
[Result "0-1"]
[WhiteElo "1199"]
[BlackElo "1470"]
[Annotator "Rivier,Sylvain"]
[PlyCount "90"]
[EventDate "2023.??.??"]
[WhiteTeam "Kamogawa Chess Club"]
[BlackTeam "La Dame Noire"]

{Partie italienne, guiocco piano} 1. e4 e5 2. Nf3 Nc6 3. Bc4 Bc5 4. c3 Nf6 5.
d3 h6 6. O-O O-O 7. Re1 d6 8. h3 Na5 9. b4 Nxc4 10. bxc5 Na5 11. cxd6 cxd6 12.
d4 Nc4 13. Qb3 Na5 14. Qd1 Qc7 15. Qd3 b6 16. d5 Nb7 17. Nbd2 Nc5 18. Qb1 Ba6
19. c4 Rab8 20. a4 Rfc8 21. Nh4 Qd7 22. Re3 Nh5 23. Nf5 Kh7 24. Ba3 g6 25. Bxc5
bxc5 26. Qd1 Rg8 27. Nh4 Qe7 28. Qg4 Bc8 29. Nf5 Qf8 30. Nf3 Nf4 31. g3 gxf5
32. Qh4 fxe4 33. Rxe4 Nxh3+ 34. Kg2 Nf4+ 35. Rxf4 exf4 36. Qxf4 Qg7 37. Rh1 Qg6
38. Nh4 Qg7 39. Qxd6 Qd4 40. Nf5 Qe4+ 41. f3 Rb2+ 42. Kh3 Bxf5+ 43. g4 Qxf3+
44. Qg3 Qxh1+ 45. Qh2 Qxh2# 0-1

[Event "22e tournoi de Noël"]
[Site "Montigny le Bretonneux"]
[Date "2023.12.28"]
[Round "4.15"]
[White "Neveu, Raphael"]
[Black "Corbillet, Mathieu"]
[Result "1-0"]
[WhiteElo "1199"]
[BlackElo "1460"]
[Annotator "Rivier,Sylvain"]
[PlyCount "101"]
[EventDate "2023.??.??"]
[WhiteTeam "La Dame Noire"]
[BlackTeam "La Dame Noire"]

{Partie espagnole, variante Steinitz} 1. e4 e5 2. Nf3 Nc6 3. Bb5 d6 4. d4 exd4
5. Nxd4 Bd7 6. Nc3 Nf6 7. Bg5 h6 8. Bh4 Be7 9. Qd2 Nxe4 10. Qe3 Nxc3 11. bxc3
Nxd4 12. Bxd7+ Qxd7 13. cxd4 f6 14. O-O O-O 15. Rfe1 Rfe8 16. Qe6+ Qxe6 17.
Rxe6 Kf7 18. d5 Bf8 19. Rae1 c6 20. Rxe8 Rxe8 21. Rxe8 Kxe8 22. dxc6 bxc6 23.
Kf1 Kd7 24. Ke2 Ke6 25. Kd3 f5 26. f3 g5 27. Bf2 c5 28. Kc4 a6 29. Kd3 Ke5 30.
Bg3+ f4 31. Be1 Be7 32. Ba5 h5 33. Bc7 g4 34. Ba5 g3 35. h3 Kd5 36. c4+ Ke5 37.
Bc7 h4 38. Bb6 d5 39. Bc7+ Bd6 40. Bd8 dxc4+ 41. Kxc4 Kf5 42. Bxh4 a5 43. Bd8
a4 44. Bb6 Ke5 45. Bxc5 Bc7 46. Bd4+ Kd6 47. h4 Bd8 48. h5 Bg5 49. Bc3 Kc6 50.
Bg7 Kd7 51. h6 1-0

[Event "22e tournoi de Noël"]
[Site "Montigny le Bretonneux"]
[Date "2023.12.28"]
[Round "4.16"]
[White "Taieb, Cedric"]
[Black "Barthere, Gilles"]
[Result "0-1"]
[WhiteElo "1399"]
[BlackElo "1353"]
[Annotator "Rivier,Sylvain"]
[PlyCount "130"]
[EventDate "2023.??.??"]
[WhiteTeam "Saint-Quentin en Yvelines"]
[BlackTeam "CE Le Roi Soleil - Le Chesnay - Versailles"]

{Ouverture du pion dame} 1. d4 Nf6 2. Bf4 e6 3. Nc3 Bb4 4. Qd3 c5 5. Qg3 Nh5 6.
Qg4 Nxf4 7. Qxf4 O-O 8. Nf3 Qa5 9. Qe3 b6 10. h4 Bb7 11. Qd3 cxd4 12. Nxd4 Nc6
13. Nb3 Qe5 14. Rh3 d5 15. Nd2 Rfc8 16. a3 Bc5 17. Nf3 Qf6 18. e3 Ne5 19. Qd2
d4 20. Nxd4 Rd8 21. Rg3 Nc6 22. Ne4 Qxh4 23. Nxc5 Nxd4 24. Bd3 Qh1+ 25. Bf1
Bxg2 26. O-O-O Bxf1 27. exd4 bxc5 28. Qg5 g6 29. Rg1 Qd5 30. Rdxf1 Qxg5+ 31.
Rxg5 cxd4 32. Rg4 e5 33. f4 f5 34. Rh4 e4 35. Rh6 Rac8 36. Kd2 a5 37. Rfh1 Rd7
38. R6h3 a4 39. b3 axb3 40. Rxb3 Rdc7 41. Rc1 h5 42. a4 h4 43. Rh3 Rc3 44. Rxh4
d3 45. Rch1 Rxc2+ 46. Ke3 R8c4 47. Rh8+ Kf7 48. R8h7+ Ke6 49. Re1 Re2+ 50. Rxe2
dxe2 51. Kxe2 Rxa4 52. Rh3 Ra2+ 53. Ke1 Rg2 54. Kf1 Rg4 55. Kf2 Rxf4+ 56. Ke3
Rf3+ 57. Rxf3 exf3 58. Kxf3 Kd5 59. Kf4 Kd4 60. Kg5 Ke4 61. Kxg6 f4 62. Kg5 f3
63. Kf6 f2 64. Ke6 f1=Q 65. Kd6 Qf5 0-1

[Event "22e tournoi de Noël"]
[Site "Montigny le Bretonneux"]
[Date "2023.12.28"]
[Round "4.17"]
[White "Ralitera, Haja"]
[Black "Un, Prathna"]
[Result "1-0"]
[WhiteElo "1362"]
[BlackElo "1199"]
[Annotator "Rivier,Sylvain"]
[PlyCount "33"]
[EventDate "2023.??.??"]
[WhiteTeam "Villepreux Le Fou du Roi"]
[BlackTeam "La Dame Noire"]

{Ouverture du pion dame} 1. d4 Nc6 2. d5 Na5 3. Nf3 c6 4. Nc3 Nf6 5. e4 e6 6.
d6 Qb6 7. e5 Ng4 8. Qe2 f6 9. h3 fxe5 10. Nxe5 Nxe5 11. Qxe5 c5 12. Ne4 c4 13.
Be2 Nc6 14. Bh5+ Kd8 15. Bg5+ Be7 16. O-O Nxe5 17. Bxe7# 1-0

[Event "22e tournoi de Noël"]
[Site "Montigny le Bretonneux"]
[Date "2023.12.28"]
[Round "4.18"]
[White "Marandas, Yanis"]
[Black "Nicol, Christian"]
[Result "1-0"]
[WhiteElo "1099"]
[BlackElo "1534"]
[Annotator "Rivier,Sylvain"]
[PlyCount "120"]
[EventDate "2023.??.??"]
[WhiteTeam "Reims Echec et Mat"]
[BlackTeam "Saint-Quentin en Yvelines"]

{Début Réti, attaque est-indienne} 1. Nf3 e6 2. g3 d5 3. Bg2 c5 4. O-O Qb6 5.
d3 Nc6 6. Nbd2 Nf6 7. c4 g6 8. cxd5 Nxd5 9. e4 Ndb4 10. Nc4 Qc7 11. Bf4 Qd8 12.
a3 Nxd3 13. Nd6+ Bxd6 14. Qxd3 Bxf4 15. Qxd8+ Nxd8 16. gxf4 b6 17. Rad1 Bb7 18.
Rfe1 Nc6 19. f5 gxf5 20. exf5 Ke7 21. Ne5 Rhg8 22. Rd7+ Kf6 23. Rxf7+ Kg5 24.
Rxb7 Nd4 25. Rxh7 Kxf5 26. Kh1 Rad8 27. Rf7+ Kg5 28. f4+ Kh6 29. Re3 Nf3 30.
Nxf3 Rd5 31. Rxe6+ Kh5 32. Re5+ Rxe5 33. fxe5 Kg6 34. Rxa7 Kf5 35. Ra6 Kf4 36.
Rxb6 Ke3 37. e6 Re8 38. a4 c4 39. a5 c3 40. bxc3 Kf2 41. a6 Rxe6 42. a7 Rxb6
43. Nd2 Ra6 44. a8=Q Rxa8 45. Bxa8 Ke3 46. c4 Kd4 47. h4 Ke5 48. h5 Kf5 49. c5
Kg5 50. c6 Kxh5 51. c7 Kg6 52. c8=Q Kf6 53. Qe8 Kf5 54. Qe7 Kf4 55. Nb1 Kf5 56.
Qe4+ Kf6 57. Kg2 Kg7 58. Qf5 Kh8 59. Qg5 Kh7 60. Bf3 Kh8 1-0

[Event "22e tournoi de Noël"]
[Site "Montigny le Bretonneux"]
[Date "2023.12.28"]
[Round "4.19"]
[White "Rauche, Michel"]
[Black "Garabedian, Christophe"]
[Result "1-0"]
[WhiteElo "1308"]
[BlackElo "1199"]
[Annotator "Rivier,Sylvain"]
[PlyCount "51"]
[EventDate "2023.??.??"]
[WhiteTeam "C.E. Fontenay le Fleury Les Fous Furieux"]
[BlackTeam "La Dame Noire"]

{Défense est-indienne, variante classique} 1. d4 Nf6 2. c4 g6 3. Nc3 Bg7 4. e4
d6 5. Nf3 O-O 6. Be2 c5 7. d5 Nbd7 8. O-O Re8 9. Nd2 e5 10. Rb1 Rb8 11. a3 b6
12. Nb5 a6 13. Nxd6 Re7 14. b3 b5 15. cxb5 Rb6 16. Nxc8 Qxc8 17. bxa6 Nb8 18.
f3 Nxa6 19. Nc4 Rb8 20. Qd3 Ra7 21. Be3 Bf8 22. Rfc1 Nc7 23. b4 Nce8 24. Nxe5
Bd6 25. Nc6 Qa6 26. Qxa6 1-0

[Event "22e tournoi de Noël"]
[Site "Montigny le Bretonneux"]
[Date "2023.12.29"]
[Round "5.1"]
[White "Kvashyna, Tetyana"]
[Black "Appavou, Calixte"]
[Result "1-0"]
[WhiteElo "1708"]
[BlackElo "1747"]
[Annotator "Rivier,Sylvain"]
[PlyCount "109"]
[EventDate "2023.??.??"]
[WhiteTeam "Arcueil Chessland"]
[BlackTeam "Saint-Quentin en Yvelines"]

{Gambit dame, défense slave} 1. d4 d5 2. Nf3 Nf6 3. e3 c6 4. Bd3 Bg4 5. c4 e6
6. Qb3 Qb6 7. Ne5 Nbd7 8. Nxg4 Nxg4 9. c5 Qc7 10. h3 Ngf6 11. f4 b6 12. cxb6
axb6 13. Nd2 c5 14. dxc5 bxc5 15. Qc2 Bd6 16. O-O O-O 17. Nf3 e5 18. fxe5 Nxe5
19. Nxe5 Bxe5 20. Bd2 c4 21. Be2 Bh2+ 22. Kh1 Ne4 23. Be1 f5 24. Bf3 Be5 25.
Bxe4 fxe4 26. Rxf8+ Rxf8 27. Bc3 Bg3 28. Qd1 Qd7 29. a4 Bc7 30. a5 Qd6 31. Qg1
Ra8 32. g4 Qh6 33. Kg2 Ra6 34. Qf2 Qd6 35. Kh1 Qh6 36. Kg2 Qd6 37. Kg1 Qe6 38.
Rf1 Ra8 39. Qd2 h5 40. Rf5 Rd8 41. Qd4 Rd7 42. Rxh5 Qd6 43. Kf1 Qh2 44. Rxd5
Qxh3+ 45. Ke2 Qxg4+ 46. Kd2 Rf7 47. Qxc4 Rf2+ 48. Kc1 Rf7 49. Rd1 Qf3 50. Rd7
Qf1+ 51. Qxf1 Rxf1+ 52. Kd2 Rf7 53. Rxf7 Kxf7 54. a6 Bb8 55. Bd4 1-0

[Event "22e tournoi de Noël"]
[Site "Montigny le Bretonneux"]
[Date "2023.12.29"]
[Round "5.2"]
[White "Artieres, Michel"]
[Black "Kunne, Ronald"]
[Result "0-1"]
[WhiteElo "1665"]
[BlackElo "1587"]
[Annotator "Rivier,Sylvain"]
[PlyCount "66"]
[EventDate "2023.??.??"]
[WhiteTeam "La Dame Noire"]
[BlackTeam "Club d'Echecs d'Orsay"]

{Défense française, variante Tarrasch fermée} 1. e4 e6 2. d4 d5 3. Nd2 Nf6
4. e5 Nfd7 5. Bd3 c5 6. c3 Nc6 7. Ne2 cxd4 8. cxd4 f6 9. exf6 Nxf6 10. O-O Bd6
11. Nf3 O-O 12. Bf4 Bxf4 13. Nxf4 Ne4 14. Ne2 Rxf3 15. Bxe4 Rf6 16. Bc2 Rh6 17.
g3 e5 18. dxe5 Bg4 19. f3 Qb6+ 20. Kh1 Be6 21. Nf4 Qxb2 22. Nxe6 Rxe6 23. Qxd5
Qxe5 24. Bb3 Kf7 25. Qxe5 Nxe5 26. Bxe6+ Kxe6 27. Rfe1 Kf6 28. Kg2 Rd8 29. Rab1
Rd2+ 30. Kh3 Rxa2 31. Rxb7 h5 32. Rb5 Nxf3 33. Rf1 Rxh2# 0-1

[Event "22e tournoi de Noël"]
[Site "Montigny le Bretonneux"]
[Date "2023.12.29"]
[Round "5.3"]
[White "Duget, Long Jc"]
[Black "Lim, Chin"]
[Result "0-1"]
[WhiteElo "1544"]
[BlackElo "1885"]
[Annotator "Rivier,Sylvain"]
[PlyCount "122"]
[EventDate "2023.??.??"]
[WhiteTeam "ECHECS 78"]
[BlackTeam "La Dame Noire"]

{Défense Pirc, variante classique} 1. e4 d6 2. d4 Nf6 3. Nc3 g6 4. Nf3 Bg7 5.
h3 c6 6. Bd3 Nbd7 7. O-O O-O 8. Re1 e5 9. dxe5 dxe5 10. Be3 Qc7 11. Qc1 Re8 12.
a4 b6 13. Bh6 Bh8 14. g4 a5 15. Bc4 Nc5 16. Ng5 Be6 17. Bf1 Rad8 18. Qe3 Rd4
19. Bg2 Red8 20. Qg3 Bc4 21. Nf3 Nfxe4 22. Nxe4 Rxe4 23. Nh4 Rxe1+ 24. Rxe1 Bd5
25. Nf5 Bxg2 26. Kxg2 Ne6 27. Ne3 Nf4+ 28. Kf1 Qd6 29. Ng2 Nxg2 30. Kxg2 Qd5+
31. Qf3 Qxf3+ 32. Kxf3 f5 33. gxf5 gxf5 34. Be3 c5 35. b3 Kf7 36. Rg1 Bf6 37.
Ke2 Ke6 38. h4 Kf7 39. h5 Rg8 40. Rxg8 Kxg8 41. Kd3 Kf7 42. Kc4 Ke6 43. f3 Kd6
44. Kb5 Bd8 45. c3 Kd5 46. b4 axb4 47. cxb4 f4 48. Bf2 c4 49. Be1 Kd4 50. a5
bxa5 51. bxa5 Bxa5 52. Kxa5 c3 53. Kb4 c2 54. Bd2 Kd3 55. Bc1 Ke2 56. Kc3 Kxf3
57. Kxc2 Ke2 58. Bb2 e4 59. Be5 f3 60. Bg3 f2 61. Bxf2 Kxf2 0-1

[Event "22e tournoi de Noël"]
[Site "Montigny le Bretonneux"]
[Date "2023.12.29"]
[Round "5.4"]
[White "Claisse, Patrick"]
[Black "Prevost, Yvan"]
[Result "0-1"]
[WhiteElo "1659"]
[BlackElo "1272"]
[Annotator "Rivier,Sylvain"]
[PlyCount "54"]
[EventDate "2023.??.??"]
[WhiteTeam "CE Le Roi Soleil - Le Chesnay - Versailles"]
[BlackTeam "Club d'Echecs de Guyancourt"]

{Partie espagnole, défense Steinitz} 1. e4 e5 2. Nf3 Nc6 3. Bb5 d6 4. d4 Bd7
5. O-O a6 6. Bxc6 bxc6 7. dxe5 Bg4 8. Bf4 d5 9. exd5 cxd5 10. Qd3 Bc5 11. Nbd2
Ne7 12. Nd4 c6 13. N2b3 Bxd4 14. Qxd4 Ng6 15. Be3 Be6 16. f4 Ne7 17. Qb6 Qxb6
18. Bxb6 Bf5 19. Rf2 Rb8 20. Bc5 Ng6 21. Re1 Be4 22. c3 h5 23. Bd6 Ra8 24. Nd4
Kd7 25. g3 h4 26. f5 hxg3 27. e6+ Kxd6 0-1

[Event "22e tournoi de Noël"]
[Site "Montigny le Bretonneux"]
[Date "2023.12.29"]
[Round "5.5"]
[White "Imbert, Christophe"]
[Black "Imbert, Nicolas"]
[Result "1-0"]
[WhiteElo "1811"]
[BlackElo "1399"]
[Annotator "Rivier,Sylvain"]
[PlyCount "87"]
[EventDate "2023.??.??"]
[WhiteTeam "Club d'Echecs du Vesinet"]
[BlackTeam "Saint-Quentin en Yvelines"]

{Défense française, variante classique} 1. e4 e6 2. d4 d5 3. Nc3 Nf6 4. Bg5
Be7 5. e5 Nfd7 6. h4 h6 7. Qh5 g6 8. Bxe7 Qxe7 9. Qf3 c5 10. Nb5 O-O 11. O-O-O
Nc6 12. Qe3 cxd4 13. Qxh6 Ndxe5 14. Be2 Qf6 15. f4 Nc4 16. Bxc4 dxc4 17. h5 Qg7
18. Qxg7+ Kxg7 19. Nxd4 Nxd4 20. Rxd4 b5 21. h6+ Kh7 22. Nf3 f6 23. g4 Rf7 24.
Rhd1 e5 25. fxe5 Kxh6 26. exf6 g5 27. Rh1+ Kg6 28. Ne5+ Kxf6 29. Nxf7 Kxf7 30.
Rh8 Bb7 31. Rh7+ Ke6 32. Rxb7 a6 33. Rbd7 Ke5 34. R7d5+ Kf6 35. Rf5+ Ke6 36.
Rxg5 Rf8 37. Re4+ Kd6 38. Rf5 Rg8 39. g5 Rg7 40. Rg4 Ke6 41. Rf6+ Ke5 42. Rxa6
b4 43. Ra5+ Ke6 44. Rxc4 1-0

[Event "22e tournoi de Noël"]
[Site "Montigny le Bretonneux"]
[Date "2023.12.29"]
[Round "5.6"]
[White "Almeida, Oscar Coelho"]
[Black "Perrier-Perrery, Philippe"]
[Result "1-0"]
[WhiteElo "1617"]
[BlackElo "1419"]
[Annotator "Rivier,Sylvain"]
[PlyCount "87"]
[EventDate "2023.??.??"]
[WhiteTeam "Saint-Quentin en Yvelines"]
[BlackTeam "Ste Foy Echecs"]

{Défense sicilienne} 1. e4 c5 2. Nf3 g6 3. d4 cxd4 4. Nxd4 Bg7 5. c3 Nc6 6.
Na3 Nf6 7. Bd3 O-O 8. Nac2 Ne5 9. Bf4 Nxd3+ 10. Qxd3 d6 11. Be3 Ng4 12. O-O-O
Nxe3 13. Nxe3 Bd7 14. h4 h5 15. f3 Qa5 16. Kb1 b5 17. g4 b4 18. Nb3 Qb6 19. Nd5
Qd8 20. Nxb4 hxg4 21. Rdg1 gxf3 22. Qxf3 f5 23. Qg3 fxe4 24. Qxg6 Rf7 25. h5
Qe8 26. Qg5 Kh7 27. Nd5 Rc8 28. Ne3 Bf6 29. Qg6+ Kh8 30. h6 Qg8 31. Qh5 Qf8 32.
Rg2 Rh7 33. Nd2 Qf7 34. Qa5 Qf8 35. Qxa7 Be6 36. a3 Rxh6 37. Rhg1 Qf7 38. Nxe4
Rf8 39. Nxf6 Qxf6 40. Rf1 Qxf1+ 41. Nxf1 Rxf1+ 42. Kc2 Rhh1 43. Qd4+ Kh7 44.
Qg7# 1-0

[Event "22e tournoi de Noël"]
[Site "Montigny le Bretonneux"]
[Date "2023.12.29"]
[Round "5.7"]
[White "Ralitera, Loic"]
[Black "Mourgues, Joelle"]
[Result "1/2-1/2"]
[WhiteElo "1136"]
[BlackElo "1522"]
[Annotator "Rivier,Sylvain"]
[PlyCount "100"]
[EventDate "2023.??.??"]
[WhiteTeam "Villepreux Le Fou du Roi"]
[BlackTeam "Saint-Quentin en Yvelines"]

{Défense ouest-indienne} 1. d4 Nf6 2. c4 e6 3. Nf3 b6 4. g3 Bb7 5. Bg2 d6 6.
O-O Be7 7. Nc3 O-O 8. Qc2 Nbd7 9. e4 c5 10. d5 e5 11. Bg5 Rb8 12. Be3 a6 13.
Rab1 Re8 14. a3 Nf8 15. b4 N8d7 16. Nh4 Ng4 17. Nf5 Nxe3 18. Nxe3 g6 19. b5
axb5 20. Nxb5 Ba6 21. a4 Bxb5 22. axb5 Bg5 23. Nd1 Bf6 24. Ra1 Ra8 25. Nc3 Qe7
26. Ra2 Ra5 27. Rfa1 Rea8 28. Nb1 Qd8 29. Nd2 Rxa2 30. Rxa2 Ra5 31. Nb3 Ra8 32.
Qb1 Bg5 33. h4 Bh6 34. Bh3 Nf8 35. Qa1 Rxa2 36. Qxa2 g5 37. h5 Nd7 38. Na1 Nf6
39. f3 Nxh5 40. g4 Nf4 41. Kh2 Bf8 42. Nc2 Be7 43. Ne3 h5 44. Nf5 Bf8 45. Kg3
h4+ 46. Kh2 Bg7 47. Bf1 Kh7 48. Qa7 Kg6 49. Ne7+ Kh7 50. Nf5 Kg6 1/2-1/2

[Event "22e tournoi de Noël"]
[Site "Montigny le Bretonneux"]
[Date "2023.12.29"]
[Round "5.8"]
[White "Selores Granjo, Gilberto"]
[Black "Martin, Gabriel"]
[Result "0-1"]
[WhiteElo "1423"]
[BlackElo "1400"]
[Annotator "Rivier,Sylvain"]
[PlyCount "75"]
[EventDate "2023.??.??"]
[WhiteTeam "C.E. Fontenay le Fleury Les Fous Furieux"]
[BlackTeam "Club d'Echecs d'Orsay"]

{Défense sicilienne, variante Scheveningue} 1. e4 c5 2. Nc3 a6 3. Nf3 b5 4. a3
Bb7 5. d4 cxd4 6. Nxd4 e6 7. f3 Nf6 8. Be3 d6 9. Qd2 Nbd7 10. Bd3 Ne5 11. f4
Nxd3+ 12. cxd3 Ng4 13. O-O Nxe3 14. Qxe3 Be7 15. b4 O-O 16. Nf3 Qd7 17. Rac1
Rfc8 18. Rc2 Rc7 19. Rfc1 Rac8 20. d4 h6 21. Qd3 g5 22. fxg5 hxg5 23. d5 g4 24.
Nd2 Bg5 25. dxe6 Qxe6 26. Re1 Bf6 27. Rec1 Be5 28. Nd5 Rxc2 29. Rxc2 Rxc2 30.
Qxc2 Bd4+ 31. Kf1 Bxd5 32. exd5 Qf6+ 33. Ke1 Qf2+ 34. Kd1 Qg1+ 35. Ke2 Qxg2+
36. Ke1 Bf2+ 37. Ke2 Kg7 38. Qc3+ 0-1

[Event "22e tournoi de Noël"]
[Site "Montigny le Bretonneux"]
[Date "2023.12.29"]
[Round "5.9"]
[White "Laot, Celestin"]
[Black "Moula, Guillaume"]
[Result "1-0"]
[WhiteElo "1199"]
[BlackElo "1514"]
[Annotator "Rivier,Sylvain"]
[PlyCount "59"]
[EventDate "2023.??.??"]
[WhiteTeam "Club d'Echecs de Triel sur Seine"]
[BlackTeam "La Dame Noire"]

{Gambit Blumenfeld} 1. d4 Nf6 2. c4 Nc6 3. Nf3 e6 4. a3 Ne7 5. Nc3 Ng6 6. e4 h5
7. e5 Ng4 8. h3 Nh6 9. Bd3 Ne7 10. Bg5 b6 11. O-O Bb7 12. Re1 Qc8 13. b4 Nhf5
14. Be4 Bxe4 15. Nxe4 Ng6 16. d5 Be7 17. dxe6 dxe6 18. Qe2 Qb7 19. Bxe7 Kxe7
20. c5 Rad8 21. Rac1 Nf4 22. Qc4 Nd3 23. Nd6 Nxd6 24. exd6+ cxd6 25. Qxd3 dxc5
26. Qc3 cxb4 27. Qxb4+ Rd6 28. Red1 Rhd8 29. Rxd6 Rxd6 30. Qh4+ 1-0

[Event "22e tournoi de Noël"]
[Site "Montigny le Bretonneux"]
[Date "2023.12.29"]
[Round "5.10"]
[White "Gauthier, Arnaud"]
[Black "Neveu, Raphael"]
[Result "1/2-1/2"]
[WhiteElo "1566"]
[BlackElo "1199"]
[Annotator "Rivier,Sylvain"]
[PlyCount "41"]
[EventDate "2023.??.??"]
[WhiteTeam "C.E. Fontenay le Fleury Les Fous Furieux"]
[BlackTeam "La Dame Noire"]

{Gambit dame accepté} 1. d4 d5 2. Nf3 Nf6 3. c4 dxc4 4. Nc3 a6 5. a4 e6 6. e3
c5 7. Bxc4 cxd4 8. exd4 Be7 9. O-O O-O 10. Bg5 Nc6 11. Re1 Re8 12. Qd2 Nd7 13.
Bxe7 Rxe7 14. d5 exd5 15. Nxd5 Rxe1+ 16. Rxe1 Nf8 17. Ne7+ Kh8 18. Qxd8 Nxd8
19. h3 Be6 20. Nd5 Rc8 21. Bb3 1/2-1/2

[Event "22e tournoi de Noël"]
[Site "Montigny le Bretonneux"]
[Date "2023.12.29"]
[Round "5.11"]
[White "Longbien, Dominique"]
[Black "Couradin, Bruno"]
[Result "1-0"]
[WhiteElo "1470"]
[BlackElo "1338"]
[Annotator "Rivier,Sylvain"]
[PlyCount "100"]
[EventDate "2023.??.??"]
[WhiteTeam "La Dame Noire"]
[BlackTeam "La Dame Noire"]

{Défense française, variante d'échange} 1. e4 e6 2. d4 d5 3. exd5 exd5 4.
Nf3 Nc6 5. Be2 Nf6 6. h3 Bd6 7. Nc3 O-O 8. a3 Bf5 9. Bg5 h6 10. Bh4 Be7 11. Bd3
Ne4 12. Bxe7 Nxe7 13. Ne2 Nc6 14. O-O Re8 15. Re1 a6 16. c4 dxc4 17. Bxc4 Nd6
18. Ba2 Be6 19. d5 Nb8 20. dxe6 fxe6 21. Nf4 Kf8 22. Bxe6 Qf6 23. g3 g5 24. Nh5
Qg6 25. Bg4 Nc6 26. Qb3 Rad8 27. Qc3 Ne4 28. Qc2 Rd6 29. Rad1 Kf7 30. Rxd6 Nxd6
31. Qb3+ Kf8 32. Kf1 Rd8 33. Ne5 Nxe5 34. Rxe5 Nf7 35. Re6 Qb1+ 36. Kg2 Qd3 37.
Qxb7 Qd5+ 38. Qxd5 Rxd5 39. Rxa6 Rd2 40. b4 Rd4 41. Rc6 Ne5 42. Rxc7 Nxg4 43.
hxg4 Rxg4 44. Nf6 Rd4 45. Rb7 Rd6 46. Rb8+ Kf7 47. Ne4 Ra6 48. b5 Rxa3 49. b6
Rb3 50. b7 Rb5 1-0

[Event "22e tournoi de Noël"]
[Site "Montigny le Bretonneux"]
[Date "2023.12.29"]
[Round "5.12"]
[White "Couradin, Jean-Marie"]
[Black "Bouloc, Roger"]
[Result "1-0"]
[WhiteElo "1410"]
[BlackElo "1335"]
[Annotator "Rivier,Sylvain"]
[PlyCount "87"]
[EventDate "2023.??.??"]
[WhiteTeam "La Dame Noire"]
[BlackTeam "La Dame Noire"]

{Partie du pion dame} 1. d4 d5 2. Nf3 Nc6 3. Bf4 Nf6 4. e3 e6 5. c3 Bd7 6. Bd3
Be7 7. h3 h6 8. Nbd2 a6 9. a4 O-O 10. Qc2 Bd6 11. Ne5 Qe7 12. Ndf3 b5 13. Nxd7
Qxd7 14. Ne5 Bxe5 15. dxe5 Ne8 16. axb5 Ne7 17. bxa6 c6 18. O-O f6 19. Ra5 Nc7
20. exf6 Rxf6 21. Be5 Rff8 22. Rfa1 Nb5 23. Qe2 Na7 24. Qg4 Nf5 25. e4 dxe4 26.
Qxe4 g6 27. g4 Nh4 28. Bg3 Nf3+ 29. Kg2 Qf7 30. Qxg6+ Qxg6 31. Bxg6 Rf6 32. Be4
Nd2 33. Re1 Nxe4 34. Rxe4 Raf8 35. f4 Kh7 36. Rae5 Rd8 37. Rxe6 Rxe6 38. Rxe6
Rd2+ 39. Bf2 Rxb2 40. Re7+ Kg6 41. Rxa7 Ra2 42. Ra8 h5 43. a7 hxg4 44. hxg4 1-0

[Event "22e tournoi de Noël"]
[Site "Montigny le Bretonneux"]
[Date "2023.12.29"]
[Round "5.13"]
[White "Barthere, Gilles"]
[Black "Ralitera, Haja"]
[Result "1-0"]
[WhiteElo "1353"]
[BlackElo "1362"]
[Annotator "Rivier,Sylvain"]
[PlyCount "65"]
[EventDate "2023.??.??"]
[WhiteTeam "CE Le Roi Soleil - Le Chesnay - Versailles"]
[BlackTeam "Villepreux "]

{Défense Pirc, variante classique} 1. e4 d6 2. d4 Nf6 3. Nc3 g6 4. Nf3 Bg7 5.
Bc4 O-O 6. O-O Bg4 7. Be3 Nc6 8. Be2 e5 9. d5 Ne7 10. Qd2 Nxe4 11. Nxe4 f5 12.
Nfg5 Bxe2 13. Qxe2 fxe4 14. Ne6 Qc8 15. Nxf8 Qxf8 16. c4 Nf5 17. Rae1 Bh6 18.
Bxh6 Qxh6 19. Qxe4 Re8 20. Qg4 Re7 21. Re4 Qd2 22. Re2 Qh6 23. g3 Re8 24. h4
Nd4 25. Re4 Rf8 26. Kg2 Nf3 27. Re3 Nd4 28. h5 g5 29. f4 Nf5 30. Ra3 Qf6 31.
Qxg5+ Qxg5 32. fxg5 a6 33. Raf3 1-0